01005nam a2200253 a 450000100100000000500170001000800410002702000150006804000250008308200210010810000240012924501550015326000320030830000200034049000290036050000340038950000530042350400300047670000360050670000370054283000360057995201190061599900170073400003548220200930074356.0111101s1973 mx 000 0 spa d a9682402352 aDO-SdBNPbspacBNPHU axxxxxxxbxxxxxxx1 aCohen, Jozef96135610aConducta y condicionamiento operantes /cJozef Cohen ; versión en español María Eugenia Linares ; revisión técnica Jorge Bernardo del Río. aMéxico :bTrillas,c1973. a87 p. ;c23 cm.1 aTemas de Psicologíav5 aIncluye índice alfabético aLa biblioteca posee la 4ta reimpresión de 1980 aBibliografía : p. 78-831 aLinares, María Eugenia9613571 aRío ,Jorge Bernardo del961358 0aTemas de Psicologían5961359 001050718MOaGRbGRcCTd2011-11-01iLF1l0oxxxxxxx xxxxxxxp35482-10r2020-06-25w2020-06-25y1ZNo se presta c34973d34973